Normal view MARC view

Entry Topical Term

Number of records used in: 1

001 - CONTROL NUMBER

  • control field: 54326

003 - CONTROL NUMBER IDENTIFIER

  • control field: OSt

005 - DATE AND TIME OF LATEST TRANSACTION

  • control field: 20250612152131.0

008 - FIXED-LENGTH DATA ELEMENTS

  • fixed length control field: 250612|| aca||aabn | a|a d

040 ## - CATALOGING SOURCE

  • Original cataloging agency: OSt
  • Transcribing agency: OSt

150 ## - HEADING--TOPICAL TERM

  • Topical term or geographic name entry element: Test cricket, Cricket analysis, Elo rating, World Test Championship, Modified point system, Margin of victory

670 ## - SOURCE DATA FOUND

  • Source citation: Work cat.: (OSt): Bhattacharjee, Bireshwar, Bhattacharjee, Dibyojyoti and Bhattacharjee, Bishweshwar 54325, An Improved Point System for Cricket’s World Test Championship

Powered by Koha